书目信息 |
| 题名: |
彷徨
|
|
| 作者: | 鲁迅 著 | |
| 分册: | ||
| 出版信息: | 北京 外文出版社 2002 |
|
| 页数: | 302页 | |
| 开本: | 19cm | |
| 丛书名: | ||
| 单 册: | ||
| 中图分类: | H339.4 , I210.6 | |
| 科图分类: | ||
| 主题词: | 鲁迅小说--德语--汉语--对照读物 , CT--S049230--鲁迅小说 | |
| 电子资源: | ||
| ISBN: | 7-119-02975-4 | |
| 000 | 00880nam0 2200277 45 | |
| 001 | 012002042400 | |
| 005 | 20070805101052.76 | |
| 010 | @a7-119-02975-4@dCNY18.00 | |
| 035 | @a(011001)c2002035954 | |
| 100 | @a20020521d2002 em y0chiy0110 ea | |
| 101 | 2 | @achi@ager@cchi |
| 102 | @aCN@b110000 | |
| 105 | @ay z 000ay | |
| 106 | @ar | |
| 200 | 1 | @a彷徨@Apang huang@e(德汉对照读物)@E( de han dui zhao dou wu )@f鲁迅著@Flu xun zhu |
| 210 | @a北京@c外文出版社@d2002 | |
| 215 | @a302页@d19cm | |
| 330 | @a本书收入有“祝福”、“在酒楼上”、“幸福的家庭”、“肥皂”、“长明灯”、“示众”、“孤独者”、“伤逝”等11篇小说。 | |
| 510 | 1 | @aAuf der Suche@zger |
| 606 | 0 | @a鲁迅小说@x德语@x汉语@j对照读物 |
| 606 | 0 | @2CT@3S049230@a鲁迅小说 |
| 690 | @aH339.4@v4 | |
| 690 | @aI210.6@v4 | |
| 701 | 0 | @a鲁迅@Alu xun@4著 |
| 801 | 0 | @aCN@bNLC@c20070805 |
| 905 | @dH339.4@e215@f3 | |
| 彷徨:(德汉对照读物)/鲁迅著.-北京:外文出版社,2002 |
| 302页;19cm |
| ISBN 7-119-02975-4:CNY18.00 |
| 本书收入有“祝福”、“在酒楼上”、“幸福的家庭”、“肥皂”、“长明灯”、“示众”、“孤独者”、“伤逝”等11篇小说。 |
| ● |
| 相关链接 |
|
|
|
|
正题名:彷徨
索取号:H339.4/215
 
预约/预借
| 序号 | 登录号 | 条形码 | 馆藏地/架位号 | 状态 | 备注 |
| 1 | 0852431 | 208524319 | 第二样本阅览室/ [索取号:H339.4/215] | 在馆 | |
| 2 | 0852432 | 208524328 | 第四借阅区/ [索取号:H339.4/215] | 在馆 | |
| 3 | 0852433 | 208524337 | 第四借阅区/ [索取号:H339.4/215] | 在馆 |